| 000 | 00473nam a2200145 a 4500 | ||
|---|---|---|---|
| 001 | 000033539 | ||
| 005 | 20200930070330.0 | ||
| 008 | 110831s1897 dr 000 0 spa d | ||
| 040 |
_aDO-SdBNP _bspa _cBNPHU |
||
| 082 |
_axxx _bM896f |
||
| 100 | 1 |
_aMoscoso, R. M., _923968 |
|
| 245 | 1 | 4 |
_aLas familias vejetales representada en la flora de Santo Domingo / _cR. M. Moscoso. |
| 260 |
_aSanto Domingo : _bLibreria i papeleria de Luis A. Weber, _c1897. |
||
| 300 |
_a114 p. ; _c23 cm. |
||
| 999 |
_c33030 _d33030 |
||